[Event "World Junior U20 Open 2018"]
[Site "Gebze"]
[Date "2018.09.08"]
[Round "5.21"]
[White "Can, Isik"]
[Black "Pichot, Alan"]
[Result "0-1"]
[WhiteElo "2361"]
[BlackElo "2562"]
[Annotator "TA"]
[PlyCount "68"]
[EventDate "2018.09.05"]
[EventType "swiss"]
[EventCountry "TUR"]
[SourceTitle "playchess.com"]
[Source "ChessBase"]
[SourceQuality "1"]

{[%evp 16,68,18,13,14,7,8,-3,-7,-12,0,0,17,9,11,0,0,0,0,7,0,0,0,0,0,-37,-29,-47,-32,-106,-119,-104,-110,-115,-112,-418,-420,-424,-416,-422,-409,-773,-742,-949,-923,-1083,-1104,-1135,-1119,-29987,-29986,-29992,-29993,-29993,-166]} 1. e4 c5 2. Nf3 d6 3. d4 cxd4 4. Nxd4 Nf6 5. Nc3 a6 6. Bg5 e6 7. f4 h6 8. Bh4 Qb6 9. a3 Be7 {B96: Sicilian Najdorf: 6 Bg5 e6 7 f4, lines other than 7...Qb6 and 7...Be7} 10. Bf2 {[#] And now Nxe6! would win.} Qc7 11. Qf3 Nbd7 {The position is equal.} 12. O-O-O b5 13. g4 Bb7 14. Bg2 (14. h4 Nc5 15. Bd3 h5 16. g5 Ng4 17. Rhg1 {½-½ (25) Grischuk,A (2766)-Vachier Lagrave,M (2779) Saint Louis 2018}) 14... g5 15. f5 e5 $1 {[%cal Re5d4]} 16. Nb3 $1 Rc8 {aiming for ...Bxe4.} 17. Qe2 h5 $1 18. h3 Bc6 $1 19. Be3 $146 ({Predecessor:} 19. Rd2 Rb8 20. Rd3 a5 {½-½ (20) Geissler,W (2281)-Wharam,J (2398) ICCF email 2012}) 19... a5 {[%cal Ba6a5,Ba5b4][%mdl 32]} 20. Bxg5 (20. Kb1 {keeps more tension.} b4 21. axb4 axb4 22. Nd5 Nxd5 23. exd5 Ba4 24. Be4) 20... b4 $1 $36 {[%cal Rb4c3][%mdl 2048] Black is more active.} 21. axb4 axb4 22. Bxf6 ({White should try} 22. Na2 $15) 22... Bxf6 $17 23. Nd5 Bxd5 $1 24. Rxd5 Nb6 25. Rd3 $2 {[%mdl 8192]} (25. Ra5 $17 {was the crucial defense.}) 25... Nc4 $19 26. h4 {[#] With the idea g5.} Qa7 $1 {[%cal Ra7a2]} ({Less strong is} 26... hxg4 27. c3 $17) 27. c3 ({Don't blunder} 27. g5 $2 Qa2 $19) 27... Qa2 {...Na5 is the strong threat.} ({Weaker is} 27... hxg4 28. cxb4 Qa2 29. Rc3 $17) 28. Qc2 (28. g5 $142 Na3 29. Kd1 Qxb3+ 30. Ke1 Nc2+ 31. Kf2 Qxb2 32. gxf6 bxc3 33. Bf3) 28... hxg4 29. Nd2 Rxh4 30. Rxh4 Bxh4 31. Nxc4 Rxc4 32. Rxd6 bxc3 {Black mates.} 33. b4 Qa1+ 34. Qb1 Qxb1+ {Precision: White = 39%, Black = 99%.} 0-1

[Event "World Junior U20 Open 2018"]
[Site "Gebze"]
[Date "2018.09.08"]
[Round "5.22"]
[White "Baenziger, Fabian"]
[Black "Lobanov, Sergei"]
[Result "0-1"]
[WhiteElo "2360"]
[BlackElo "2535"]
[Annotator "TA"]
[PlyCount "46"]
[EventDate "2018.09.05"]
[EventType "swiss"]
[EventCountry "TUR"]
[SourceTitle "playchess.com"]
[Source "ChessBase"]
[SourceQuality "1"]

{[%evp 13,46,15,22,33,20,0,14,4,25,14,15,0,0,-12,2,-177,-174,-164,-158,-298,-302,-428,-435,-433,-440,-430,-431,-426,-383,-350,-381,-464,-456,-567,-566]} 1. c4 c5 2. Nf3 Nc6 3. Nc3 e5 4. e3 Nf6 5. d4 e4 6. Ne5 {A34: Englische Eröffnung (Symmetrische Variante)} h5 (6... g6 7. g4 h6 8. Bg2 Bg7 9. h3 Qe7 10. b3 cxd4 11. exd4 Nxe5 12. dxe5 Qxe5 13. Bb2 {1-0 (32) Mamedyarov,S (2801)-Vachier Lagrave,M (2779) Biel 2018}) 7. Be2 Bd6 {LiveBook: 4 Partien} 8. f4 {Die Stellung ist ausgeglichen.} cxd4 9. exd4 Bb8 $146 ({Vorgänger:} 9... Bb4 10. O-O Qa5 11. Na4 Nxd4 12. Qxd4 Qxa4 13. c5 {½-½ (37) Saduakassova,D (2491)-Deac,B (2582) Porticcio 2018}) 10. O-O Ne7 {[%cal Bc6e7,Be7f5,Bf5h6][%mdl 32]} 11. c5 {Droht Db3.} Nf5 12. Bc4 d5 13. cxd6 O-O 14. Nxe4 $2 (14. Re1 $11 {und Weiss steht sicher.}) 14... Nxe4 $19 15. Qxh5 Nexd6 16. Ng6 (16. Bb3 $17 {ist wohl besser.}) 16... Nh6 17. f5 (17. Bb3 {war angesagt.} Bg4 18. Qc5) 17... Nxc4 18. Nxf8 Qxd4+ ({Und nicht} 18... Kxf8 19. Bxh6 Qxd4+ 20. Kh1 $11) ({Finger weg von} 18... Qxf8 19. a4 $19) 19. Kh1 {[#]} Qg4 $1 {[%cal Rg4h5]} ({Minderwertig wäre} 19... Kxf8 20. Bxh6 gxh6 21. Qxh6+ Qg7 22. Qh4 $11) 20. Qg5 {Weiss will Dd8 spielen.} Qxg5 21. Bxg5 Kxf8 22. Rfd1 {[%cal Rd1d8]} Nd6 23. Rac1 {[#] Droht Matt per Txc8+!} Bxf5 {Precision: Weiß = 31%, Schwarz = 85%.} 0-1

[Event "World Junior U20 Open 2018"]
[Site "Gebze"]
[Date "2018.09.08"]
[Round "5.23"]
[White "Schitco, Ivan"]
[Black "Thybo, Jesper Sondergaard"]
[Result "0-1"]
[WhiteElo "2358"]
[BlackElo "2499"]
[Annotator "TA"]
[PlyCount "154"]
[EventDate "2018.09.05"]
[EventType "swiss"]
[EventCountry "TUR"]
[SourceTitle "playchess.com"]
[Source "ChessBase"]
[SourceQuality "1"]

{[%evp 18,154,15,27,30,0,0,-7,-10,-25,-24,-25,0,-82,-90,-154,-162,-169,-150,-162,-160,-159,-160,-176,-129,-131,-129,-250,-241,-238,-251,-238,-241,-240,-216,-237,-237,-229,-229,-229,-230,-229,-220,-239,-233,-370,-377,-379,-291,-291,-312,-287,-272,-520,-522,-508,-556,-548,-548,-539,-479,-515,-485,-500,-500,-476,-460,-455,-476,-444,-402,-433,-400,-435,-435,-435,-308,-290,-279,-279,-272,-272,-272,-272,-272,-272,-272,-272,-272,-279,-265,-281,-265,-265,-265,-265,-265,-265,-265,-265,-265,-259,-259,-259,-259,-770,-753,-784,-770,-724,-562,-521,-653,-671,-627,-595,-613,-577,-569,-562,-485,-614,-452,-812,-798,-710,-622,-5604,-5420,-29967,-648,-29968,-29968,-29976,-29977,-29977,-29978,-29974,-29976]} 1. d4 Nf6 2. c4 e6 3. g3 c5 4. d5 exd5 5. cxd5 d6 6. Nc3 g6 7. Bg2 Bg7 8. Nf3 O-O 9. O-O Re8 10. Bf4 Bf5 {A62: Modern Benoni: Fianchetto Variation without early ...Nbd7} 11. Qb3 (11. Bg5 h6 12. Bxf6 Bxf6 13. Nd2 Bc8 14. Nc4 Bxc3 15. bxc3 b5 16. Nd2 Nd7 17. Re1 a5 18. Qc2 {½-½ (29) Tomashevsky,E (2702)-Svidler,P (2763) Palma de Mallorca 2017}) 11... Na6 12. Nh4 $146 ({Much weaker is} 12. Qxb7 Nb4 $17) ({Predecessor:} 12. Nd2 Nh5 13. Be3 Rb8 14. Nb5 Nc7 15. a4 a6 16. Nxc7 Qxc7 17. Bf3 Nf6 18. a5 {½-½ (26) Hoffmann,F (2311)-Zlotkowski,A (2384) ICCF email 2014}) 12... Bc8 {The position is equal.} 13. e4 h6 {...g5 is the strong threat.} 14. Bd2 b5 15. Rfe1 {[#]} (15. Nxb5 $11 {remains equal.} Nxe4 16. Bxe4 Rxe4 17. Rae1 Rxe1 18. Rxe1) 15... Rb8 $1 $17 16. Nxb5 {[#]} ({White should play} 16. Qc2) 16... Nc7 $1 $36 {[%mdl 2048] White is under strong pressure.} 17. Ba5 Rxb5 18. Bxc7 Rxb3 19. Bxd8 Rxb2 20. Bc7 Rb7 21. Bxd6 {Strongly threatening e5.} Nxe4 $1 22. Rxe4 (22. Be5 $17 Rxe5 23. Bxe4) 22... Rxe4 $19 23. Bxe4 Bxa1 24. Bxc5 Rc7 25. Be3 Rd7 26. Ng2 Bb7 27. Bxa7 Bxd5 28. Bxd5 Rxd5 {[%mdl 4096] Endgame KRB-KBN} 29. Nf4 Rd1+ 30. Kg2 Bd4 31. Bb8 (31. Bxd4 $142 Rxd4 32. h4) 31... Rd2 32. Nh3 Rxa2 33. g4 Kg7 34. Bg3 Kf6 35. Bd6 $2 (35. Kf1 {keeps fighting.}) 35... g5 36. Bc7 Ke6 37. Bg3 Be5 38. Ng1 Bxg3 39. Kxg3 {KR-KN} Ke5 40. Kf3 Ra3+ 41. Kg2 Kf4 42. h3 Ra2 43. Kf1 Ra8 44. Ne2+ Kf3 45. Nd4+ Ke4 46. Ne2 Kd3 47. Ng3 Kd2 48. Ne4+ Kd1 49. Nd6 Ra7 50. Nf5 Ra6 51. Ng3 Rc6 52. Ne4 Rc1 53. Nd6 Kd2+ 54. Kg2 Rc7 55. Kf1 Kd3 56. Nf5 Rc6 57. Kg2 Kd2 58. Kf1 Ra6 59. Nd4 Ra3 60. Kg2 Ra4 61. Nf5 $2 (61. Nf3+ Ke2 62. Ng1+ Ke1 63. Nf3+ Ke2 64. Ng1+ Kd3 65. Nf3) 61... Ke2 62. f3 Rf4 63. Ng3+ Ke3 64. Nf1+ Kd4 65. Kf2 Kd3 66. Ne3 Ra4 {( -> ...Ra2+)} 67. Nf5 Ra2+ 68. Kg3 Ke2 69. h4 Ra3 70. Nd4+ (70. Kg2 $142 gxh4 71. Nxh4) 70... Kf1 71. Nf5 Ra6 72. Nd4 Ra2 73. Nf5 Rg2+ 74. Kh3 Kf2 {Black mates.} 75. Nxh6 Rg3+ 76. Kh2 gxh4 77. Nf5 Kxf3 {Precision: White = 60%, Black = 90%.} 0-1

[Event "World Junior U20 Open 2018"]
[Site "Gebze"]
[Date "2018.09.08"]
[Round "5.24"]
[White "Priasmoro, Novendra"]
[Black "Arcuti, Davide"]
[Result "1-0"]
[WhiteElo "2498"]
[BlackElo "2356"]
[Annotator "TA"]
[PlyCount "115"]
[EventDate "2018.09.05"]
[EventType "swiss"]
[EventCountry "TUR"]
[SourceTitle "playchess.com"]
[Source "ChessBase"]
[SourceQuality "1"]

{[%evp 21,115,-4,-6,-15,-11,-15,-13,-18,-18,-16,-12,-41,-14,-16,-16,-40,-15,-52,-15,-126,-69,-148,-164,-144,-153,-230,-200,-209,-186,-223,-191,-208,-135,-138,-136,-141,-138,-147,-108,-108,-108,-108,-108,-108,-112,-141,-35,-35,-39,-33,-29,-37,-24,-37,-39,-39,0,-6,0,0,0,-12,0,0,0,-35,107,87,173,158,137,102,93,99,109,0,0,0,0,0,160,81,786,724,776,498,1050,1049,1021,998,890,926,890,871,1063,960]} 1. e4 e5 2. Nf3 Nc6 3. Bb5 a6 4. Ba4 Nf6 {[%cal Bg8f6,Bf6d7,Bd7c5][%mdl 32]} 5. O-O Be7 6. Bxc6 dxc6 7. d3 Nd7 8. Nbd2 O-O 9. Nc4 f6 10. Be3 {C85: Closed Ruy Lopez: Deferred Exchange Variation} (10. Nh4 Re8 11. Nf5 Bf8 12. f4 exf4 13. Bxf4 Nc5 14. Qg4 Bxf5 15. Qxf5 Ne6 16. Be3 b5 17. Na5 c5 18. a4 {0-1 (85) Andreikin,D (2706)-Matlakov,M (2728) Tbilisi 2017}) 10... Nc5 11. h3 Ne6 {LiveBook: 3 Games} 12. Qe2 {The position is equal.} a5 $146 ({Predecessor:} 12... c5 13. c3 Qe8 14. Rad1 Qf7 15. a3 a5 16. a4 b6 17. Nfd2 Bd7 {½-½ (58) Nguyen,V (2324)-Rodriguez Lopez,R (2307) Budapest 2017}) 13. a4 b6 14. Rad1 Qe8 15. Nh4 Bc5 16. b3 g6 17. Qd2 Qe7 18. Kh1 Rf7 19. Rg1 Ba6 20. g4 (20. Bxc5 $11 {keeps the balance.} Nxc5 21. Ne3) 20... Rd8 (20... Bxc4 $1 $17 21. bxc4 Bxe3 22. Qxe3 Rd8) 21. Rg3 (21. Nf3 $15) 21... Bxc4 $1 $17 22. bxc4 Bxe3 23. Qxe3 (23. fxe3 $17 Nc5 24. Qe1) 23... Qb4 24. g5 Nxg5 25. f4 exf4 ({Stronger than} 25... Qxa4 26. fxg5 Qxc2 27. Rc1 $16) 26. Qxf4 Qd6 27. Qxd6 Rxd6 28. Rf1 Kf8 29. Ng2 Rdd7 30. Ne3 Ne6 31. Ng4 Kg7 32. Rgf3 {[%cal Rg4f6]} Ng5 33. Rxf6 {[#]} Rxf6 (33... h5 $1 $17 {[%cal Rh5g4]} 34. Rxf7+ Rxf7 35. Rxf7+ Nxf7) 34. Nxf6 {[%mdl 4096] Endgame KRN-KRN} Re7 35. h4 Ne6 36. h5 $1 {[%cal Rh5h6]} h6 37. hxg6 Kxg6 38. Ng4 Nc5 39. Kg2 Nxa4 40. Rf6+ Kg5 {Hoping for ...h5.} 41. Kg3 c5 42. Rf8 {Threatening mate with Rg8+.} Kg6 43. Ne3 c6 (43... Nc3 $15 {stays ahead.}) 44. Nf5 Ra7 (44... Re6 $16 {keeps fighting.}) 45. Rh8 Nc3 46. Kg4 {[#]} ({Reject} 46. Rxh6+ $6 Kg5 $11) 46... h5+ $1 {[%mdl 512]} 47. Rxh5 {aiming for Rh6+.} Rh7 48. Nh4+ (48. Rxh7 $16 {White threatens Rg7+ and mate.} Kxh7 49. Kg5) 48... Kg7 $11 {Strongly threatening ...Rxh5.} 49. Re5 Kf6 50. Re8 {Threatens to win with Nf5.} Ra7 $2 {[#]} (50... a4 $11) 51. Nf5 (51. e5+ $142 $1 Kf7 52. Rb8) 51... a4 $2 {[%mdl 8192]} (51... Kf7 $16 52. Rh8 Kf6) 52. e5+ $18 {White is clearly winning.} Kg6 53. e6 a3 (53... Kf6 $142 54. e7 Ke6) 54. e7 Rxe7 55. Rxe7 a2 56. Ra7 b5 57. Ra3 b4 58. Ra6 {Precision: White = 41%, Black = 44%.} 1-0

[Event "World Junior U20 Open 2018"]
[Site "Gebze"]
[Date "2018.09.08"]
[Round "5.25"]
[White "Kalogeris, Ioannis"]
[Black "Asadli, Vugar"]
[Result "1-0"]
[WhiteElo "2352"]
[BlackElo "2492"]
[Annotator "TA"]
[PlyCount "80"]
[EventDate "2018.09.05"]
[EventType "swiss"]
[EventCountry "TUR"]
[SourceTitle "playchess.com"]
[Source "ChessBase"]
[SourceQuality "1"]

{[%evp 15,80,14,37,0,35,31,33,14,17,7,6,0,0,0,0,-14,0,-52,-21,-12,-14,-9,0,-18,0,0,5,0,4,0,0,0,0,0,13,14,12,2,16,27,90,0,123,39,39,53,56,31,41,28,102,84,198,158,211,201,207,208,208,205,512,483,710,695,908,764,1133]} 1. d4 g6 2. e4 Bg7 3. g3 d6 4. Bg2 c5 5. dxc5 Qa5+ 6. c3 Qxc5 7. Ne2 {B06: Modern Defence} Nf6 8. O-O O-O {LiveBook: 3 Games} 9. a4 $146 {White is slightly better.} ({Predecessor:} 9. h3 Nc6 10. Be3 Qb5 11. Qd2 Rd8 12. Na3 Qa4 {½-½ (59) Korpa,B (2499)-Donchenko,A (2574) Budapest 2018}) 9... Qc7 10. Na3 a6 11. h3 Nbd7 12. Be3 Nc5 13. Qc2 Bd7 14. b3 Bc6 {[%cal Rc6e4]} 15. f3 b6 16. Nc4 (16. c4 $1 $11) 16... Rab8 (16... b5 $5 {[%cal Rb5c4]} 17. Nb2 bxa4 $15) 17. a5 b5 18. Nb6 Ncd7 19. c4 b4 20. Rac1 Nc5 21. Nd4 Nfd7 22. Nxc6 Qxc6 23. Nd5 $36 {[%mdl 2048] White is more active.} Rfe8 24. Bg5 Kf8 25. Bd2 $1 Ne6 26. Kh2 Qc5 $1 27. Qa2 Rb7 (27... Nd4 $11 {remains equal.}) 28. Qa4 (28. f4 $16) 28... Bb2 {[#]} (28... Qd4 $11 29. Qa2 (29. Bxb4 Nec5 $11) 29... Qb2 30. Qxb2 Bxb2) 29. Bxb4 (29. Rb1 $1 $16 {[%cal Rb1b2]} Bc3 30. Nxc3 bxc3 31. Bxc3) 29... Rxb4 $14 30. Nxb4 {Strongly threatening Nd3.} (30. Qxb4 Qxb4 31. Nxb4 Bxc1 $17) 30... Bxc1 31. Rxc1 Qe3 32. Qa1 {[%cal Ra1h8]} Kg8 (32... f6 $1 $11 {keeps the balance.}) 33. Qc3 $16 Qa7 (33... Qxc3 $16 34. Rxc3 Kf8) 34. Nd5 {[%cal Bb4d5,Bd5e3,Be3g4][%mdl 32]} Nd4 (34... Qd4 $16 35. b4 Qxc3 36. Rxc3 Kf8) 35. Rd1 $18 Nc6 36. b4 e6 37. Ne3 Nxb4 $2 (37... Qc7 {is tougher.} 38. Qd2 Qb7 39. Qxd6 Nde5) 38. Rxd6 {White is clearly winning.} (38. Qxb4 Qxe3 39. Qa4 (39. Qxd6 Nc5 $14) (39. Rxd6 Ne5 $11) 39... Nf6 $16) 38... Rb8 (38... Ne5 $142 39. f4 (39. Qxe5 Qxe3 40. c5 Rf8 $16) 39... h5 40. fxe5 Qc5) 39. Ng4 {Hoping for Rxd7!} Na2 {[#]} 40. Rxd7 $1 {[%mdl 512] Nh6+ would kill now.} Qxd7 {Precision: White = 61%, Black = 38%.} 1-0

[Event "World Junior U20 Open 2018"]
[Site "Gebze"]
[Date "2018.09.08"]
[Round "5.26"]
[White "Galperin, Platon"]
[Black "Tutisani, Noe"]
[Result "0-1"]
[WhiteElo "2348"]
[BlackElo "2471"]
[Annotator "TA"]
[PlyCount "52"]
[EventDate "2018.09.05"]
[EventType "swiss"]
[EventCountry "TUR"]
[SourceTitle "playchess.com"]
[Source "ChessBase"]
[SourceQuality "1"]

{[%evp 17,52,-14,39,9,13,24,68,-47,45,41,62,36,75,-41,0,0,0,0,64,-69,-81,-117,-106,-168,-150,-162,-118,-133,-83,-422,-408,-443,-444,-428,-422,-438,-412]} 1. Nf3 Nf6 2. g3 g6 3. b3 Bg7 4. Bb2 d6 5. d4 O-O 6. Bg2 Nbd7 7. O-O c6 8. c4 Re8 9. Re1 {E60: King's Indian: Unusual lines and Fianchetto Variation without Nc3} (9. Nc3 e5 10. e4 exd4 11. Nxd4 Nc5 12. Re1 Ng4 13. h3 Ne5 14. Re3 Qb6 15. Nc2 a5 16. Bf1 Be6 17. Rb1 a4 18. b4 Ncd7 19. Na3 Qxb4 20. Bc1 {½-½ (41) Caruana,F (2816)-Grischuk,A (2766) Paris 2018}) 9... Qc7 {LiveBook: 3 Games} (9... e5 $11) 10. d5 $146 ({Predecessor:} 10. Qc2 e5 11. e3 Nf8 12. dxe5 dxe5 13. Nbd2 e4 14. Nd4 c5 15. Nb5 Qe7 16. Rac1 Bf5 {0-1 (53) Glavinac,G (2120)-Saraci,N (2412) Struga 2018}) 10... cxd5 11. cxd5 {The position is equal.} Qc5 12. Nc3 (12. e4 $1 $14) 12... Nb6 (12... Ng4 $1 $15 13. Ne4 Nxf2 14. Nxc5 Nxd1 15. Bxg7 Kxg7 16. Nxd7 Ne3) 13. e4 $1 $14 Ng4 14. Re2 Bd7 15. Rc2 (15. Rc1 $16) 15... Rac8 {[%cal Rg7c3]} (15... Bxc3 $5 16. Bxc3 Nxf2 $11) 16. Rac1 Bh6 $36 {[%mdl 2048] Black is pushing.} 17. Rb1 ({Reject} 17. Na4 {[#]} Nxf2 $1 {[%mdl 512]} 18. Qe2 (18. Nxc5 Nxd1 19. Rxd1 Be3+ 20. Kh1 Bxc5 $15) (18. Rxf2 Qxc1 19. Bxc1 Rxc1 $17) 18... Nh3+ 19. Kf1 Qa5 $17) 17... f5 (17... Bg7 $11) 18. b4 ({White should try} 18. h3 $14 Nxf2 19. Rxf2) 18... Qxb4 $15 19. h3 {[#]} Nxf2 $1 {[%mdl 512]} 20. Kxf2 (20. Rxf2 $17 Rxc3 21. Bxc3 Qxc3 22. Qe1) 20... fxe4 $19 21. Bc1 e3+ 22. Kg1 Qa5 23. Nd4 $2 {[%mdl 8192]} (23. Bb2 $17 {is a better chance.}) 23... Rxc3 24. Nb3 Qb4 {Black is clearly winning.} 25. Rxc3 Qxc3 26. Bb2 Qc4 {Precision: White = 19%, Black = 36%.} 0-1

[Event "World Junior U20 Open 2018"]
[Site "Gebze"]
[Date "2018.09.08"]
[Round "5.27"]
[White "Ozen, Bahadir"]
[Black "Barseghyan, Harutyun"]
[Result "1/2-1/2"]
[WhiteElo "2326"]
[BlackElo "2466"]
[Annotator "TA"]
[PlyCount "126"]
[EventDate "2018.09.05"]
[EventType "swiss"]
[EventCountry "TUR"]
[SourceTitle "playchess.com"]
[Source "ChessBase"]
[SourceQuality "1"]

{[%evp 13,126,-21,-8,-26,3,-13,-18,-23,-14,-12,-22,-25,-28,-17,-26,-18,-16,-23,12,12,3,-44,-49,-39,-45,-55,-51,-29,-36,-48,-29,-78,-80,-52,-57,-38,-28,-24,-29,-61,-71,-68,0,0,0,0,-6,-7,0,0,0,0,0,0,0,0,0,0,0,0,0,0,0,-54,-18,-24,-12,-23,-8,-8,-8,-8,-2,-2,-2,-3,0,0,0,0,0,0,0,0,0,0,0,0,0,0,0,0,0,0,0,0,0,0,0,0,0,0,0,0,0,0,0,0,0,0,0,0,0,0,0]} 1. Nf3 d5 2. d4 Nf6 3. e3 c5 4. dxc5 e6 5. a3 Bxc5 6. b4 {D04: Colle System} (6. c4 O-O 7. Nc3 dxc4 8. Bxc4 Qxd1+ 9. Kxd1 a6 10. b4 Be7 11. Ke2 b5 12. Bd3 Bb7 13. Bb2 Nbd7 14. Rhd1 Rfc8 15. Rac1 Nb6 16. Nb1 Nfd5 17. Bd4 Nc4 18. Nfd2 Nxd2 19. Nxd2 Rxc1 20. Rxc1 a5 21. Bxb5 axb4 22. axb4 Bxb4 {½-½ (22) So,W (2778)-Nakamura,H (2769) Paris 2018}) 6... Be7 7. Bb2 O-O {LiveBook: 14 Games} 8. Be2 Ne4 $146 ({Predecessor:} 8... a5 9. b5 Nbd7 10. Nbd2 b6 11. O-O Bb7 12. c4 Nc5 {1-0 (51) Gruber,R (2174)-Walter,F (2170) Bayern 2015}) 9. c4 dxc4 10. Qc2 Nd6 11. Nbd2 b5 12. a4 bxa4 13. O-O Nd7 14. Nxc4 Nxc4 15. Bxc4 Qc7 16. Rfc1 $1 ({Reject} 16. Rxa4 Nb6 $17) 16... Nb6 17. Qxh7+ ({White should play} 17. Qe4 $11 Qb7 18. Bd3 Qxe4 19. Bxe4) 17... Kxh7 $15 18. Bd3+ Kg8 19. Rxc7 Bd6 20. Rcc1 Bb7 21. b5 Rfc8 22. Rxc8+ Rxc8 23. Kf1 Bd5 24. Ke2 f6 25. e4 Bc4 26. e5 fxe5 27. Bxe5 Bxe5 (27... Bxd3+ $1 $15 28. Kxd3 Bxe5 29. Nxe5 Rc5) 28. Nxe5 $11 Bxd3+ 29. Nxd3 $15 {[%mdl 4096] Endgame KRN-KRN} Rc2+ 30. Kd1 Rc3 31. Kd2 Rb3 32. Nc5 Rxb5 33. Nxe6 Rb2+ 34. Ke1 Kf7 35. Nc5 Rb5 36. Nd3 Ke6 37. h4 {[%cal Bh2h4,Bh4h5,Bh5h6,Bh6h7][%mdl 32]} Kd5 38. Ke2 (38. Kd2 $11) 38... Kd4 39. g4 Ra5 40. f4 Nc4 41. h5 {The position is equal.} a3 42. g5 Ke4 43. Ne5 Nxe5 44. fxe5 $11 {KR-KR} Kf5 45. h6 Rxe5+ 46. Kd3 g6 47. h7 Re8 48. Rxa3 Kxg5 49. Rxa7 Kh6 50. Re7 (50. Kd4 {keeps more tension.} Rh8 51. Ke4 Rxh7 52. Rxh7+ Kxh7 53. Kf4) 50... Rh8 51. Ke4 (51. Ke3 {is interesting.} Rxh7 52. Rxh7+ Kxh7 53. Kf3 Kg7 54. Kg4) 51... Rxh7 52. Rxh7+ Kxh7 {KP-K} 53. Kf4 {[%cal Be4f4,Bf4g4,Bg4g3,Bg3h3][%mdl 32]} Kh6 {[%cal Bh7h6,Bh6h5,Bh5g5,Bg5h4,Bh4g4][%mdl 32] [#] ( -> ...Kh5)} 54. Kg4 g5 {[%cal Bg6g5,Bg5g4,Bg4g3][%mdl 32]} 55. Kg3 Kh5 56. Kh3 g4+ 57. Kg3 Kg5 58. Kg2 Kh4 59. Kh2 g3+ 60. Kg2 Kg4 61. Kg1 Kg5 (61... Kf3 $5 {[%cal Rg3g2]} 62. Kh1 Kg4 $11) 62. Kg2 Kf4 (62... Kg4 $5) 63. Kg1 Ke5 {Precision: White = 75%, Black = 68%.} (63... Ke3 $5) 1/2-1/2

[Event "World Junior U20 Open 2018"]
[Site "Gebze"]
[Date "2018.09.08"]
[Round "5.28"]
[White "Haldorsen, Benjamin"]
[Black "Tuncer, Tuna"]
[Result "1/2-1/2"]
[WhiteElo "2461"]
[BlackElo "2342"]
[Annotator "TA"]
[PlyCount "109"]
[EventDate "2018.09.05"]
[EventType "swiss"]
[EventCountry "TUR"]
[SourceTitle "playchess.com"]
[Source "ChessBase"]
[SourceQuality "1"]

{[%evp 21,109,37,40,0,50,57,54,53,40,32,40,31,43,37,23,14,22,12,62,39,72,73,77,0,83,79,87,77,84,57,50,50,109,84,115,118,159,43,36,33,112,108,101,-25,-25,-13,-31,-12,0,0,0,-29,-17,-36,-37,-66,0,0,0,0,0,-10,0,-80,0,0,0,-85,-32,-12,0,-71,0,-101,-80,-112,-129,-119,-103,-106,0,0,0,0,0,0,0,0,0,0]} 1. e4 c5 2. Nf3 e6 3. Nc3 Nc6 4. d4 cxd4 5. Nxd4 Nf6 6. Ndb5 {[%cal Bd4b5,Bb5a3,Ba3c4][%mdl 32]} d6 7. Bf4 e5 8. Bg5 a6 9. Na3 Be6 10. Nc4 {B33: Sizilianisch (Lasker/Pelikan/Sweschnikow-Variante)} Rb8 11. Bxf6 Qxf6 {LiveBook: 4 Partien} 12. Nb6 {Weiß steht etwas besser.} g6 $146 ({Vorgänger:} 12... Qg6 13. g3 Be7 14. Bg2 h5 15. Nbd5 Bd8 16. Qd2 h4 17. f4 h3 {0-1 (46) Sheng,J (2372)-Mamedov,R (2688) chess.com INT 2017}) 13. Bc4 Qd8 14. Ncd5 Bh6 15. h4 O-O 16. c3 Ne7 17. Nxe7+ Qxe7 18. Nd5 Qd8 19. Bb3 Rc8 20. g4 Bf4 21. Nxf4 exf4 22. h5 (22. Bxe6 $16 fxe6 23. Qd4) 22... Qf6 (22... Bxb3 $11 {hält das Gleichgewicht.} 23. Qxb3 Qe7) 23. hxg6 $16 ({Viel schwächer wäre} 23. Qxd6 $6 Rc6 $11) 23... hxg6 24. Bxe6 fxe6 25. Qb3 b5 26. O-O-O Qe5 (26... f3 $14) 27. f3 a5 28. Kb1 Rfd8 29. Qa3 (29. Rd2 $16) 29... a4 $14 30. Qb4 Ra8 (30... Kg7 $14) 31. a3 Kg7 32. Qd4 (32. g5 $16) 32... Qxd4 $11 33. Rxd4 {[%mdl 4096] Endspiel KTT-KTT} Kf6 34. Rhd1 Ke5 35. Rb4 Rab8 36. Rh1 Kf6 37. Kc2 Kg5 38. Kd3 Rd7 (38... Rh8 $15 39. Rxh8 Rxh8) 39. Ke2 Rc7 40. Rd4 Rd8 41. Rb4 Rb8 42. Kd3 (42. Rd4 $11) 42... Ra7 (42... e5 $17) 43. Kd4 Rc7 44. Rh2 (44. Kd3 $1 $11) 44... Kf6 ({Günstiger ist} 44... Rc5 $17) 45. Kd3 $15 Kg5 46. b3 (46. Rd4 $11) 46... Ra7 (46... axb3 $17 47. Rxb3 Ra7) 47. Rb2 (47. c4 $11 {bleibt in der Remisbreite.} bxc4+ 48. bxc4 Rxb4 49. axb4) 47... axb3 $17 48. R2xb3 {[#]} Kh4 $1 49. e5 dxe5 50. Ke4 ({Nicht} 50. Rxb5 $2 Rxb5 51. Rxb5 Kg3 $19) 50... Rba8 (50... Ra5 $17) 51. Kxe5 $11 {Die Stellung ist ausgeglichen.} Rxa3 52. Kxf4 Rxb3 53. Rxb3 Rf8+ 54. Ke4 Kg3 55. Rxb5 {Precision: Weiß = 48%, Schwarz = 49%.} 1/2-1/2